LEADER 01888nam 2200577Ia 450 001 9910454352203321 005 20200520144314.0 010 $a1-282-10497-7 010 $a9786612104978 010 $a90-272-8975-1 035 $a(CKB)1000000000724512 035 $a(OCoLC)320636028 035 $a(CaPaEBR)ebrary10279947 035 $a(SSID)ssj0000203890 035 $a(PQKBManifestationID)11188360 035 $a(PQKBTitleCode)TC0000203890 035 $a(PQKBWorkID)10174455 035 $a(PQKB)10119331 035 $a(MiAaPQ)EBC622860 035 $a(Au-PeEL)EBL622860 035 $a(CaPaEBR)ebr10279947 035 $a(CaONFJC)MIL210497 035 $a(EXLCZ)991000000000724512 100 $a20081205d2009 uy 0 101 0 $aeng 135 $aurcn||||||||| 181 $ctxt 182 $cc 183 $acr 200 10$aModality in Japanese$b[electronic resource] $ethe layered structure of the clause and hierarchies of functional categories /$fHeiko Narrog 210 $aAmsterdam ;$aPhiladelphia $cJohn Benjamins Pub. Co.$dc2009 215 $a1 online resource (304 p.) 225 1 $aStudies in language companion series,$x0165-7763 ;$vv. 109 300 $aBibliographic Level Mode of Issuance: Monograph 311 $a90-272-0576-0 320 $aIncludes bibliographical references (p. [255]-274) and index. 410 0$aStudies in language companion series ;$vv. 109. 606 $aJapanese language$xModality 606 $aLanguage and languages$xPhilosophy 608 $aElectronic books. 615 0$aJapanese language$xModality. 615 0$aLanguage and languages$xPhilosophy. 676 $a495.6/5 700 $aNarrog$b Heiko$01049966 801 0$bMiAaPQ 801 1$bMiAaPQ 801 2$bMiAaPQ 906 $aBOOK 912 $a9910454352203321 996 $aModality in Japanese$92479384 997 $aUNINA LEADER 02651nam 2200361 450 001 9910724345003321 005 20230625191803.0 035 $a(CKB)5470000002601301 035 $a(NjHacI)995470000002601301 035 $a(EXLCZ)995470000002601301 100 $a20230625d2018 uy 0 101 0 $afre 135 $aur||||||||||| 181 $ctxt$2rdacontent 182 $cc$2rdamedia 183 $acr$2rdacarrier 200 10$aAnimation socioculturelle $equels rapports /$fLuc Greffier, Sarah Montero, Pascal Tozzi 210 1$a[Place of publication not identified] :$cCarrie?res Sociales Editions,$d2018. 215 $a1 online resource (125 pages) 330 $aCet ouvrage est issu du colloque annuel organise? en 2017 par l'e?quipe du de?partement Carrie?res Sociales de l'IUT Bordeaux Montaigne - en lien avec l'un des axes de travail de l'e?quipe de recherche de l'UMR CNRS Passages -, sur le the?me de la Me?diation et de ses articulations avec l'Animation Socioculturelle. Dans un contexte ou? le champ de l'Animation multiplie ses pratiques et diversifie ses activite?s, les pratiques de me?diations constituent elles-me?mes un ensemble fragmente?, divise? en segments plus ou moins (re)connus et structure?s, a? l'instar des me?diations familiale, culturelle, interculturelle, pe?nale, sociale, etc. De fait, les analyses de la me?diation ne cessent de souligner la polyse?mie et la plasticite? du terme, la diversite? des ta?ches et la multiplication des usages, proportionnelles a? l'engouement qu'elle suscite dans des champs d'activite?s tre?s diffe?rents. Pour autant, les nombreuses acceptions de la me?diation - qui incitent certains a? parler « des » me?diations - n'obe?rent pas son ope?rationnalite?, notamment dans le champ socioculturel. A travers une re?flexion construite sur des exemples issus des pratiques des professionnels de l'animation et de la me?diation tout autant que sur des travaux de chercheurs, l'ouvrage tente ainsi de de?me?ler et d'analyser les rapports entre ces deux univers de l'intervention sociale qui parfois se rejoignent dans une dilution constructive, parfois se disjoignent chacun de?fendant sa propre identite? et spe?cificite?. 517 $aAnimation socioculturelle 606 $aAnimation (Cinematography) 615 0$aAnimation (Cinematography) 676 $a778.5347 700 $aGreffier$b Luc$01287436 702 $aTozzi$b Pascal 702 $aMontero$b Sarah 801 0$bNjHacI 801 1$bNjHacl 906 $aBOOK 912 $a9910724345003321 996 $aAnimation socioculturelle$93390925 997 $aUNINA LEADER 00966nas a2200277 i 4500 001 991002612929707536 005 20231114121120.0 008 011205m19819999 || | |fre 035 $ab11683466-39ule_inst 035 $aPERLE003746$9ExL 080 $aCDU 33 080 $aCDU 001.18 080 $aCDU 301 229 0$aFuturibles [1981] 245 00$aFuturibles [1981] /$cAssociation Internationale Futuribles. - 1981- 260 $aParis,$c1981- 591 $aCodice CNR: P 00046067 592 $aLE005 1981-1990; lac.: 1990; 710 2 $aAssociation Internationale Futuribles$eauthor$4http://id.loc.gov/vocabulary/relators/aut$0735449 780 00$tFuturibles 2000 907 $a.b11683466$b21-09-06$c08-07-02 912 $a991002612929707536 945 $aLE005 MF Per 004$g1$lle005$o-$pE0.00$q-$rn$so $t18$u0$v0$w0$x0$y.i11912066$z08-07-02 996 $aFuturibles$91452929 997 $aUNISALENTO 998 $ale005$b01-01-01$cs$da $e-$ffre$gxx $h0$i1